000
00251nam a2200097Ia 4500
001
703252
005
20250826162348.0
008
250824s9999 xx 000 0 und d
245
0
_a
NEHİRDEKİ SANDIK
_c
AHMET YILMAZ BOYUNAĞA
260
_b
TİMAŞ YAYINLARI
999
_c
703252
_d
703252